| 000 | 00819nam a22002057a 4500 | ||
|---|---|---|---|
| 999 |
_c22624 _d22624 |
||
| 003 | AR-CdUCM | ||
| 008 | 190427b ||||| |||| 00| 0 spa d | ||
| 020 | _a9786124644726 | ||
| 040 |
_aMUNICIPALIDAD PROVINCIAL DEL CUSCO _cBIBLIOTECA MUNICIPAL DEL CUSCO |
||
| 082 |
_a378.055985/P26U _bP26U |
||
| 100 |
_aParedes Pando, Oscar _914521 |
||
| 245 |
_aLa UNSAAC, nació con las ciencias humanas y sociales : _bteología, filosofía, psicología, literatura, historia, arqueología, antropología / _cÓscar Paredes Pando |
||
| 260 |
_aCusco : _bJL editores, _c2015. |
||
| 300 |
_a308 paginas. : _bilustraciones ; _c24 cm. |
||
| 500 | _zBibliografía: p. 307-308. | ||
| 650 |
_aUniversidad Nacional de San Antonio Abad del Cusco _915944 |
||
| 650 |
_aHistoria institucional _947480 |
||
| 942 |
_2ddc _cLIBROS |
||
| 945 | _arac | ||